Vplyv ťažkých kovov na procesy čistenia odpadodových vôd habilitačná práca

Salvato in:
Dettagli Bibliografici
Autore principale: Derco, Ján
Natura: Libro
Lingua:slovacco
Pubblicazione: Bratislava STU FCHPT 2014
Accesso online:Visualizza in OPAC
Tags: Aggiungi Tag
Nessun Tag, puoi essere il primo ad aggiungerne!!

MARC

LEADER 00000nam a2200000 a 4500
005 20260127134036.0
008 150515 2014 000 0 slo d
035 |a vtls010679376 
039 9 |y 201505151046  |z mschk03 
040 |a STUSCHK1  |b slo  |c STUSCHK1  |e AACR2 
100 1 |a Derco, Ján 
245 1 |a Vplyv ťažkých kovov na procesy čistenia odpadodových vôd  |b habilitačná práca  |c Ján Derco 
260 |a Bratislava  |b STU FCHPT  |c 2014 
300 |a 26 s.  |c 30 cm 
500 |a Obhájené: 11.09.2014 
910 |a SCHK95 
999 |c 2719  |d 2719